|
|
|
|
| LEADER |
00561nam a2200145 4500 |
| 020 |
|
|
|a 9
|c 14384.73
|
| 082 |
|
|
|a R 615.19 TIW/N
|
| 100 |
|
|
|a Tiwari,Ashutosh and Tiwari,tul,Ed.
|
| 245 |
|
|
|a Nanomaterials in drug delivery, imaging and tissued engineering
|
| 250 |
|
|
|
| 260 |
|
|
|b Scrivener Publishing LLC and John wiley&sons ,New Jersey
|c 2013
|
| 590 |
|
|
|a Narendra Publishing house,Delhi
|
| 942 |
|
|
|c REF
|
| 999 |
|
|
|c 185251
|d 185251
|
| 952 |
|
|
|0 0
|1 0
|4 0
|6 R_615_190000000000000_TIW_N
|7 0
|9 198600
|a DNT
|b DNT
|d 2019-10-25
|g 14384.73
|l 0
|o R 615.19 TIW/N
|p DNT626
|r 2019-10-25
|w 2019-10-25
|y REF
|